[Event "DRUGA LIGA SRBIJE-GRUPA VOJVODINA 2016"]
[Site "Kac"]
[Date "2016.11.21"]
[Round "10.1"]
[White "Csonka, Balazs"]
[Black "Indjic, Dusan"]
[Result "1-0"]
[WhiteElo "2398"]
[BlackElo "2283"]
[PlyCount "115"]
[EventDate "2016.11.15"]

1. e4 e6 2. d4 d5 3. Nd2 Ne7 4. c3 g6 5. e5 Bg7 6. h4 h6 7. Ndf3 c5 8. Bd3 cxd4
9. cxd4 Nbc6 10. Ne2 Bd7 11. a3 Na5 12. b3 Qb6 13. Rb1 Bb5 14. O-O Bxd3 15.
Qxd3 Qa6 16. Qxa6 bxa6 17. Bd2 Nec6 18. Bxa5 Nxa5 19. Nd2 Rc8 20. Rfc1 Kd7 21.
b4 Nc4 22. Nxc4 Rxc4 23. Rxc4 dxc4 24. Nc3 Kc6 25. b5+ axb5 26. Rxb5 Rc8 27.
Rc5+ Kd7 28. Ra5 Bf8 29. Rxa7+ Rc7 30. Rxc7+ Kxc7 31. a4 Bb4 32. Nd1 Kb6 33.
Ne3 c3 34. Kf1 Ka5 35. Ke2 Kxa4 36. Kd3 Kb3 37. Nc2 Be7 38. g3 g5 39. hxg5 hxg5
40. g4 Bf8 41. f3 Be7 42. Na1+ Kb2 43. Nc2 Bf8 44. Ne3 Kb3 45. Nc2 Bb4 46. Na1+
Kb2 47. Nc2 Ba5 48. Ne3 Kb3 49. Nc2 Bb6 50. Na1+ Kb2 51. Nc2 Ba7 52. Ne3 Bxd4
53. Kxd4 c2 54. Nxc2 Kxc2 55. Kc5 Kd3 56. Kd6 Kd4 57. Ke7 Kxe5 58. Kxf7 1-0

[Event "DRUGA LIGA SRBIJE-GRUPA VOJVODINA 2016"]
[Site "Kac"]
[Date "2016.11.21"]
[Round "10.1"]
[White "Vujadinovic, Goran"]
[Black "Kopasz, Robert"]
[Result "1-0"]
[WhiteElo "2338"]
[BlackElo "2260"]
[PlyCount "67"]
[EventDate "2016.11.15"]

1. Nc3 c5 2. f4 Nc6 3. Nf3 g6 4. e4 Bg7 5. g3 d6 6. Bg2 e6 7. O-O Nge7 8. d3 b6
9. Bd2 Bb7 10. Rb1 O-O 11. g4 Nd4 12. Nxd4 cxd4 13. Ne2 f5 14. Ng3 Rc8 15. Rf2
Qc7 16. Rc1 fxe4 17. dxe4 Qd7 18. h4 e5 19. f5 d5 20. g5 gxf5 21. exf5 e4 22.
Bb4 Be5 23. Nh5 a5 24. Bxe7 Qxe7 25. f6 Qd7 26. Ng7 d3 27. c3 d4 28. Rf5 dxc3
29. Rxc3 Rxc3 30. bxc3 Bxc3 31. Qb3+ Rf7 32. Bh3 d2 33. Bg4 Qd3 34. Qxf7+ 1-0

[Event "DRUGA LIGA SRBIJE-GRUPA VOJVODINA 2016"]
[Site "Kac"]
[Date "2016.11.21"]
[Round "10.1"]
[White "Simonyi, Zoltan"]
[Black "Mijatovic, Dejan"]
[Result "1/2-1/2"]
[WhiteElo "2202"]
[BlackElo "2248"]
[PlyCount "104"]
[EventDate "2016.11.15"]

1. d4 d5 2. c4 c6 3. cxd5 cxd5 4. Nf3 Nc6 5. Nc3 e6 6. Bf4 Nf6 7. e3 Bd6 8. Bg3
a6 9. Rc1 Bxg3 10. hxg3 Qd6 11. Bd3 Bd7 12. Qe2 Rc8 13. O-O O-O 14. Rfd1 g6 15.
Nh2 e5 16. dxe5 Qxe5 17. Qd2 Be6 18. Ne2 Ne4 19. Qe1 Qxb2 20. Rb1 Qf6 21. Rxb7
Nc5 22. Rb6 Qd8 23. Rb2 Nxd3 24. Rxd3 Ne5 25. Rd4 Nc4 26. Rb1 Nd6 27. Nf3 Rc2
28. Rd2 Rc4 29. Nfd4 Qf6 30. Rdb2 Ne4 31. Rb6 a5 32. f3 Nc5 33. Qxa5 Qe5 34.
Qd2 Na4 35. R6b4 Rfc8 36. Kf2 Bf5 37. Nxf5 Qxf5 38. Rxc4 dxc4 39. Rc1 Nc5 40.
Rxc4 Nd3+ 41. Qxd3 Qxd3 42. Rxc8+ Kg7 43. Rc3 Qd2 44. a3 h5 45. Rc4 Qa2 46. Rc3
Qd2 47. Rb3 Qa2 48. Rd3 Qa1 49. Rb3 Qa2 50. Rd3 Qa1 51. Rc3 Qa2 52. Rd3 Qa1
1/2-1/2

[Event "DRUGA LIGA SRBIJE-GRUPA VOJVODINA 2016"]
[Site "Kac"]
[Date "2016.11.21"]
[Round "10.1"]
[White "Kovacevic, Dragan"]
[Black "Kecskemeti, Arpad"]
[Result "1/2-1/2"]
[WhiteElo "2235"]
[BlackElo "2216"]
[PlyCount "34"]
[EventDate "2016.11.15"]

1. e4 c5 2. Nf3 d6 3. Bb5+ Nc6 4. O-O a6 5. Bxc6+ bxc6 6. h3 g6 7. Re1 Bg7 8.
e5 c4 9. exd6 Qxd6 10. Qe2 Be6 11. Na3 Qd5 12. d4 cxd3 13. cxd3 Ra7 14. Nc4 Nf6
15. Ne3 Qd6 16. Nc4 Qd5 17. Be3 Rb7 1/2-1/2

[Event "DRUGA LIGA SRBIJE-GRUPA VOJVODINA 2016"]
[Site "Kac"]
[Date "2016.11.21"]
[Round "10.1"]
[White "Nagy, Attila N"]
[Black "Kovacevic, Djordje"]
[Result "1/2-1/2"]
[WhiteElo "2185"]
[BlackElo "2105"]
[PlyCount "88"]
[EventDate "2016.11.15"]

1. Nf3 Nf6 2. g3 d5 3. Bg2 c6 4. O-O Bg4 5. c4 Bxf3 6. Bxf3 e6 7. Qb3 Qb6 8. d3
Nbd7 9. Qc2 Be7 10. Bg2 O-O 11. Nc3 Rac8 12. Bd2 a5 13. Rab1 Qa6 14. b3 b5 15.
e4 b4 16. Ne2 Rfd8 17. h3 e5 18. f4 dxe4 19. dxe4 Nc5 20. fxe5 Nfxe4 21. Be3
Nc3 22. Nxc3 bxc3 23. Qf5 Rf8 24. Bd4 c2 25. Qxc2 Rcd8 26. Bf2 Nd3 27. Be3 Nxe5
28. Qf5 f6 29. Qe6+ Rf7 30. Rbd1 Qc8 31. Rxd8+ Qxd8 32. Bxc6 Nxc6 33. Qxc6 g6
34. Qf3 Kg7 35. Rd1 Qc7 36. Rd5 Bd6 37. Bf4 Be5 38. Qe3 Bxf4 39. Qxf4 Qe7 40.
Kf2 a4 41. Qe3 Qa3 42. Rd2 Re7 43. Qd3 axb3 44. axb3 Rb7 1/2-1/2

[Event "DRUGA LIGA SRBIJE-GRUPA VOJVODINA 2016"]
[Site "Kac"]
[Date "2016.11.21"]
[Round "10.1"]
[White "Skoko, Milan"]
[Black "Vranic, Ljubomir"]
[Result "1/2-1/2"]
[WhiteElo "2128"]
[BlackElo "2168"]
[PlyCount "128"]
[EventDate "2016.11.15"]

1. e4 d6 2. d4 Nf6 3. Nc3 g6 4. f4 Bg7 5. Bd3 O-O 6. Nf3 Na6 7. O-O c5 8. d5
Nc7 9. Qe2 Rb8 10. a4 a6 11. a5 Re8 12. Bc4 Nd7 13. Na4 e6 14. dxe6 Nxe6 15.
Bd2 Qf6 16. Ng5 b5 17. Bxe6 fxe6 18. Bc3 e5 19. Qd2 h6 20. Qd5+ Kh8 21. Nf7+
Kh7 22. Nxd6 Re7 23. Nxc8 Rxc8 24. fxe5 Qc6 25. Nb6 Nxb6 26. axb6 b4 27. Be1
Qxb6 28. Rf7 Rxf7 29. Qxf7 Rf8 30. Qc4 a5 31. Bg3 Rd8 32. Rf1 Rd4 33. Qf7 Qd8
34. b3 Rxe4 35. h3 Qg5 36. Kh2 h5 37. e6 h4 38. Bf4 Qf5 39. Bd6 Qxe6 40. Qxe6
Rxe6 41. Bxc5 Rc6 42. Bf2 Be5+ 43. Kg1 g5 44. Re1 Bf4 45. Re2 Kg6 46. Kf1 Kf5
47. Ke1 Rd6 48. Re8 Be5 49. Ke2 Rc6 50. Kd1 Bc3 51. Rd8 Ke4 52. Rd3 Rf6 53. Ke2
Rc6 54. Re3+ Kf5 55. Rf3+ Kg6 56. Rd3 Re6+ 57. Be3 Re5 58. Rd8 Bb2 59. Kd3 Bc3
60. Bd4 Bxd4 61. Rxd4 Re1 62. Re4 Rd1+ 63. Ke2 Rd5 64. Rc4 Kf5 1/2-1/2

[Event "DRUGA LIGA SRBIJE-GRUPA VOJVODINA 2016"]
[Site "Kac"]
[Date "2016.11.21"]
[Round "10.2"]
[White "Sekulic, Dusan"]
[Black "Ukropina, Darko"]
[Result "1-0"]
[WhiteElo "2218"]
[BlackElo "2024"]
[PlyCount "71"]
[EventDate "2016.11.15"]

1. d4 d5 2. Nf3 e6 3. c4 Nf6 4. e3 Nbd7 5. Nc3 c6 6. Bd3 dxc4 7. Bxc4 b5 8. Bd3
Bd6 9. O-O Bb7 10. e4 e5 11. Bg5 b4 12. Na4 Qa5 13. Nd2 Be7 14. Nc4 Qc7 15. f4
h6 16. Bxf6 gxf6 17. fxe5 fxe5 18. Qh5 Rf8 19. dxe5 O-O-O 20. Be2 Kb8 21. Kh1
c5 22. b3 Bxe4 23. Nab2 Bg6 24. Qxh6 Nxe5 25. Qe3 Nc6 26. a3 Nd4 27. Bd1 Rh8
28. h3 Nf5 29. Rxf5 Bxf5 30. axb4 cxb4 31. Ra5 Rxd1+ 32. Nxd1 Qb7 33. Qe5+ Qc7
34. Rb5+ Kc8 35. Qxh8+ Bd8 36. Rxf5 1-0

[Event "DRUGA LIGA SRBIJE-GRUPA VOJVODINA 2016"]
[Site "Kac"]
[Date "2016.11.21"]
[Round "10.2"]
[White "Mikheev, Stanislav"]
[Black "Mastrapovic, Vladimir"]
[Result "1/2-1/2"]
[WhiteElo "2281"]
[BlackElo "2289"]
[PlyCount "70"]
[EventDate "2016.11.15"]

1. d4 Nf6 2. c4 g6 3. Nc3 d5 4. Nf3 Bg7 5. Bf4 c5 6. dxc5 Qa5 7. Qa4+ Qxa4 8.
Nxa4 Bd7 9. Nc3 Ne4 10. Nxd5 Na6 11. Be5 f6 12. Nc3 Nexc5 13. Bd4 O-O-O 14.
O-O-O e5 15. Bxc5 Nxc5 16. e3 Bg4 17. h3 Rxd1+ 18. Kxd1 Rd8+ 19. Kc1 Be6 20.
Be2 Nd3+ 21. Bxd3 Rxd3 22. Nd2 f5 23. Kc2 e4 24. Ne2 Bf7 25. b3 a6 26. Rd1 Kc7
27. Nb1 Rxd1 28. Kxd1 b5 29. cxb5 axb5 30. Kc2 Kc6 31. a3 b4 32. axb4 Kb5 33.
Nd2 Kxb4 34. h4 Be5 35. g3 h6 1/2-1/2

[Event "DRUGA LIGA SRBIJE-GRUPA VOJVODINA 2016"]
[Site "Kac"]
[Date "2016.11.21"]
[Round "10.2"]
[White "Omorjan, Dejan"]
[Black "Zegarac, Vuk"]
[Result "1/2-1/2"]
[WhiteElo "2235"]
[BlackElo "2233"]
[PlyCount "82"]
[EventDate "2016.11.15"]

1. e4 c5 2. c3 Nf6 3. e5 Nd5 4. d4 cxd4 5. Nf3 e6 6. cxd4 b6 7. Nc3 Nxc3 8.
bxc3 Qc7 9. Bd2 Ba6 10. Bxa6 Nxa6 11. Qe2 Qb7 12. O-O Be7 13. a4 Nc7 14. Rfb1
O-O 15. Ng5 f6 16. exf6 Bxf6 17. Qe4 Qxe4 18. Nxe4 Be7 19. f3 Rac8 20. Rb3 Nd5
21. a5 bxa5 22. Rxa5 Rc7 23. Bc1 Nb6 24. Ba3 Nc4 25. Bxe7 Nxa5 26. Rb5 Rf5 27.
Rb8+ Kf7 28. Bd8 Rc6 29. g4 Rd5 30. h4 h6 31. h5 Nc4 32. f4 Nd6 33. g5 hxg5 34.
fxg5 Nc8 35. g6+ Ke8 36. h6 gxh6 37. Bf6 Kf8 38. Bh8 Kg8 39. Bf6 Kf8 40. Bh8
Kg8 41. Bf6 Kf8 1/2-1/2

[Event "DRUGA LIGA SRBIJE-GRUPA VOJVODINA 2016"]
[Site "Kac"]
[Date "2016.11.21"]
[Round "10.2"]
[White "Vujasinovic, Mihajlo"]
[Black "Krejic, Igor"]
[Result "0-1"]
[WhiteElo "2133"]
[BlackElo "2235"]
[PlyCount "104"]
[EventDate "2016.11.15"]

1. c4 Nf6 2. Nc3 d6 3. d4 Nbd7 4. Nf3 e5 5. g3 g6 6. Bg2 Bg7 7. O-O O-O 8. e4
Re8 9. Re1 c6 10. d5 Qc7 11. Bd2 Nc5 12. b3 a6 13. Rb1 b5 14. Nh4 b4 15. Na4
Nxa4 16. bxa4 c5 17. a3 a5 18. Bf1 Bd7 19. Bd3 Reb8 20. Bc2 Be8 21. Bb3 Rb7 22.
axb4 axb4 23. Ra1 Rba7 24. Ra2 Qc8 25. Kg2 Bd7 26. Qc2 Be8 27. Rea1 Ra5 28. Bc1
Nd7 29. Nf3 Nb6 30. Ne1 Bd7 31. f3 Qe8 32. Nd3 Bxa4 33. Qb1 Qd7 34. Nb2 R5a7
35. Qc2 Bxb3 36. Qxb3 f5 37. h3 Qb7 38. Bd2 Ra6 39. exf5 gxf5 40. Rxa6 Rxa6 41.
Rxa6 Qxa6 42. Qc2 e4 43. fxe4 Qa2 44. Bc1 Bxb2 45. exf5 b3 46. Qe4 Be5+ 47. Kf3
Qc2 48. Qg4+ Kh8 49. Qh4 Qxf5+ 50. Bf4 Bf6 51. Qh6 Nd7 52. g4 Qg6 0-1

[Event "DRUGA LIGA SRBIJE-GRUPA VOJVODINA 2016"]
[Site "Kac"]
[Date "2016.11.21"]
[Round "10.2"]
[White "Djacanin, Goran"]
[Black "Stankovic, Milos M"]
[Result "1-0"]
[WhiteElo "2168"]
[BlackElo "1816"]
[PlyCount "179"]
[EventDate "2016.11.15"]

1. e4 e5 2. d4 exd4 3. c3 d5 4. exd5 Qxd5 5. cxd4 Nc6 6. Be3 Bb4+ 7. Nc3 Nf6 8.
Nf3 Bg4 9. Be2 Bxf3 10. Bxf3 Qc4 11. Qe2 Qxe2+ 12. Kxe2 O-O-O 13. Rhd1 Rhe8 14.
Bxc6 bxc6 15. Na4 Nd5 16. Rac1 Kd7 17. Kf3 h6 18. Rd3 f5 19. Nc3 Bxc3 20. bxc3
Rb8 21. c4 Nf6 22. d5 cxd5 23. Bxa7 Rb4 24. cxd5 g5 25. g3 Ng4 26. Kg2 Ra4 27.
Bd4 Rxa2 28. h3 Ne5 29. Re3 Nf7 30. Rxc7+ Kxc7 31. Rxe8 Kd7 32. Rf8 Nd6 33. Be5
Nc4 34. Bg7 Ne3+ 35. Kf3 Nxd5 36. Rxf5 Ne7 37. Rf7 Ke8 38. Rf8+ Kd7 39. Bxh6
Ng6 40. Rf5 Ke6 41. Rxg5 Ne5+ 42. Ke3 Ra3+ 43. Ke2 Ra2+ 44. Kd1 Nf7 45. Rb5
Nxh6 46. Rb6+ Kf5 47. Rxh6 Kg5 48. Rh8 Rxf2 49. h4+ Kg6 50. Rg8+ Kh5 51. Rg5+
Kh6 52. Ke1 Ra2 53. Re5 Rg2 54. Rg5 Ra2 55. Kf1 Rb2 56. Re5 Ra2 57. Re2 Ra6 58.
Kg2 Kg6 59. Re4 Kf5 60. Rf4+ Kg6 61. Kh3 Ra5 62. Rb4 Ra3 63. Kg4 Ra5 64. h5+
Kg7 65. Rb6 Rc5 66. Kh4 Kh7 67. g4 Kg7 68. Rb7+ Kg8 69. h6 Ra5 70. g5 Ra1 71.
Kh5 Ra6 72. Rg7+ Kh8 73. Rf7 Kg8 74. Rf6 Ra7 75. Kg6 Rg7+ 76. Kh5 Ra7 77. Rb6
Ra8 78. Kg6 Rf8 79. Rd6 Kh8 80. Rb6 Kg8 81. Rb7 Ra8 82. Kh5 Rc8 83. Rb5 Kh8 84.
g6 Rg8 85. Kg5 Rc8 86. Rb6 Rg8 87. Kf6 Ra8 88. Ke7 Ra7+ 89. Kd6 Ra8 90. Kc7 1-0

[Event "DRUGA LIGA SRBIJE-GRUPA VOJVODINA 2016"]
[Site "Kac"]
[Date "2016.11.21"]
[Round "10.3"]
[White "Czebe, Attila"]
[Black "Petrusic, Velimir"]
[Result "1-0"]
[WhiteElo "2482"]
[BlackElo "2176"]
[PlyCount "62"]
[EventDate "2016.11.15"]

1. g3 Nf6 2. Bg2 d6 3. d4 Nbd7 4. e4 e5 5. Ne2 Be7 6. O-O c6 7. c4 O-O 8. Nbc3
a6 9. h3 b5 10. b3 Re8 11. Be3 Bb7 12. Qc2 Qb8 13. Rad1 Bf8 14. dxe5 dxe5 15.
g4 Qc7 16. Ng3 Nc5 17. cxb5 axb5 18. g5 Nfd7 19. b4 Na6 20. Nxb5 Qc8 21. Nd6
Bxd6 22. Rxd6 Nxb4 23. Qd2 Ba6 24. Qxb4 Bxf1 25. Bxf1 Rxa2 26. Qc4 Ra1 27. Rxc6
Qb8 28. Nf5 Nf8 29. Kg2 Ne6 30. Nd6 Rd8 31. Nxf7 Nf4+ 1-0

[Event "DRUGA LIGA SRBIJE-GRUPA VOJVODINA 2016"]
[Site "Kac"]
[Date "2016.11.21"]
[Round "10.3"]
[White "Labus, Vladislav"]
[Black "Bulajic, Ratko"]
[Result "0-1"]
[WhiteElo "2061"]
[BlackElo "2331"]
[PlyCount "72"]
[EventDate "2016.11.15"]

1. e4 c5 2. Nf3 a6 3. d4 cxd4 4. Nxd4 Nf6 5. Nc3 e5 6. Nf3 Bb4 7. Bg5 Qc7 8.
Bd2 O-O 9. Nd5 Nxd5 10. exd5 Bc5 11. Ng5 f5 12. d6 Bxd6 13. Qh5 h6 14. h4 Rf6
15. Rh3 b5 16. Bd3 Bf8 17. Bxf5 d5 18. Bxc8 Qxc8 19. O-O-O g6 20. Qe2 Nc6 21.
Qd3 Rd6 22. h5 hxg5 23. hxg6 Bg7 24. Rdh1 e4 25. Qf1 Rxg6 26. f4 gxf4 27. Bxf4
Qe6 28. Qd1 Rd8 29. Qh5 Qf6 30. Qh7+ Kf7 31. g3 Qxb2+ 32. Kd1 Rh8 33. Qxh8 Bxh8
34. Rxh8 Nd4 35. R1h2 Nf3 36. R2h7+ Rg7 0-1

[Event "DRUGA LIGA SRBIJE-GRUPA VOJVODINA 2016"]
[Site "Kac"]
[Date "2016.11.21"]
[Round "10.3"]
[White "Tancik, Kristijan"]
[Black "Mandic, Milenko"]
[Result "1/2-1/2"]
[WhiteElo "2289"]
[BlackElo "1894"]
[PlyCount "99"]
[EventDate "2016.11.15"]

1. d4 Nf6 2. c4 g6 3. Nc3 Bg7 4. e4 d6 5. Be2 O-O 6. Bg5 c5 7. d5 h6 8. Bf4 Ne8
9. Qd2 g5 10. Be3 f5 11. exf5 Bxf5 12. h4 Nd7 13. hxg5 hxg5 14. Bxg5 Ne5 15.
Nf3 Nf7 16. Be3 Nf6 17. Bd3 Qd7 18. Nh4 Bxd3 19. Qxd3 Ne5 20. Qe2 Qg4 21. b3
Qxe2+ 22. Kxe2 Neg4 23. Rac1 Nxe3 24. fxe3 Ng4 25. Nf3 Rf6 26. Ne4 Rh6 27. Neg5
a5 28. a4 Rf8 29. Ne6 Rff6 30. Nxg7 Kxg7 31. Rxh6 Rxh6 32. Rf1 e6 33. e4 Rg6
34. dxe6 Rxe6 35. Kd3 Rg6 36. Nh4 Ne5+ 37. Ke2 Rg4 38. Nf5+ Kg6 39. Nxd6 Rxg2+
40. Rf2 Rg3 41. Rf5 Nc6 42. Rxc5 Rxb3 43. Kf2 Kf6 44. Rb5 Ra3 45. Nxb7 Rxa4 46.
Rc5 Ne5 47. Rxa5 Rxc4 48. Nd6 Rc2+ 49. Kf1 Nc4 50. Nxc4 1/2-1/2

[Event "DRUGA LIGA SRBIJE-GRUPA VOJVODINA 2016"]
[Site "Kac"]
[Date "2016.11.21"]
[Round "10.3"]
[White "Radic, Slavko"]
[Black "Ivanovic, Miroslav"]
[Result "1/2-1/2"]
[WhiteElo "2057"]
[BlackElo "2067"]
[PlyCount "132"]
[EventDate "2016.11.15"]

1. c4 e6 2. Nf3 d5 3. e3 Nf6 4. Nc3 c5 5. cxd5 exd5 6. d4 Nc6 7. Bb5 Bd6 8.
dxc5 Bxc5 9. Ne5 Qd6 10. Nxc6 bxc6 11. Be2 O-O 12. O-O Bb6 13. Bf3 Bc7 14. g3
Bh3 15. Re1 Nd7 16. b3 Rad8 17. Bb2 Ne5 18. Bg2 Qe6 19. Ne2 Bg4 20. Nf4 Qe7 21.
f3 Bc8 22. Nd3 Ba6 23. Nxe5 Bxe5 24. Bxe5 Qxe5 25. Rc1 Rc8 26. Qd2 c5 27. f4
Qe7 28. Qxd5 Rfd8 29. Qe4 Qxe4 30. Bxe4 c4 31. bxc4 Rxc4 32. Rcd1 Rxd1 33. Rxd1
g6 34. Bd5 Rc2 35. Bb3 Rc7 36. e4 h5 37. Rd6 Bc4 38. Rd2 Bxb3 39. axb3 Rc3 40.
Rb2 a5 41. Kf2 Kf8 42. Ke2 h4 43. Kf2 Ke7 44. Kg2 Re3 45. e5 hxg3 46. hxg3 g5
47. Ra2 gxf4 48. gxf4 Ke6 49. Rxa5 Kf5 50. e6+ Kxe6 51. Rb5 Kf6 52. Kf2 Rc3 53.
Ke2 Rh3 54. b4 Rb3 55. Rb7 Kf5 56. Rxf7+ Ke4 57. Rb7 Kxf4 58. Kd2 Ke4 59. Kc2
Rh3 60. Rd7 Ke5 61. b5 Ke6 62. Rd4 Rh5 63. Rb4 Kd7 64. Kb3 Kc7 65. Ka4 Kb6 66.
Rg4 Rh6 1/2-1/2

[Event "DRUGA LIGA SRBIJE-GRUPA VOJVODINA 2016"]
[Site "Kac"]
[Date "2016.11.21"]
[Round "10.4"]
[White "Somborski, Nebojsa"]
[Black "Babic, Djordje"]
[Result "1-0"]
[WhiteElo "2327"]
[BlackElo "2038"]
[PlyCount "95"]
[EventDate "2016.11.15"]

1. e4 e5 2. Nf3 Nc6 3. Bb5 a6 4. Ba4 Bc5 5. c3 b5 6. Bb3 Nf6 7. O-O d6 8. a4
Bg4 9. d3 O-O 10. h3 Bh5 11. Bg5 Rb8 12. axb5 axb5 13. Nbd2 h6 14. Be3 Nd7 15.
Re1 b4 16. g4 Bg6 17. Nf1 bxc3 18. bxc3 Bxe3 19. fxe3 Nc5 20. Bc2 Qf6 21. Ng3
Rb2 22. Rf1 Qe7 23. Qc1 Rfb8 24. Ra8 Nd8 25. Rxb8 Rxb8 26. Qa3 f6 27. Rb1 Rxb1+
28. Bxb1 Qd7 29. Nd2 Bf7 30. d4 Ncb7 31. Bd3 Qc6 32. Nf5 Kh7 33. Kf2 g6 34. Ng3
Qd7 35. Be2 Kg7 36. Qa6 c6 37. Bd1 Qc7 38. Ba4 Qa5 39. Qxa5 Nxa5 40. h4 d5 41.
h5 exd4 42. exd4 dxe4 43. Ndxe4 Be6 44. Bd1 Nf7 45. hxg6 Kxg6 46. Nh5 Bxg4 47.
Bxg4 f5 48. Nf4+ 1-0

[Event "DRUGA LIGA SRBIJE-GRUPA VOJVODINA 2016"]
[Site "Kac"]
[Date "2016.11.21"]
[Round "10.4"]
[White "Milankov, Vladimir"]
[Black "Strbac, Mladen"]
[Result "0-1"]
[WhiteElo "1963"]
[BlackElo "2318"]
[PlyCount "80"]
[EventDate "2016.11.15"]

1. e4 e6 2. d4 d5 3. exd5 exd5 4. Bd3 Nc6 5. c3 Bd6 6. h3 Nge7 7. Ne2 Ng6 8.
O-O Be6 9. Be3 Qd7 10. f4 Nce7 11. Qe1 O-O-O 12. Qf2 Rde8 13. Na3 Bf5 14. Bxf5
Nxf5 15. Nc2 Nxe3 16. Nxe3 Qe7 17. f5 Qxe3 18. fxg6 Qxe2 19. Qf5+ Kb8 20. gxf7
Qe3+ 21. Kh1 Rd8 22. Rf3 Qe4 23. Raf1 Qxf5 24. Rxf5 Be7 25. g4 Rhf8 26. Kg2 g6
27. R5f3 Kc8 28. Kg3 g5 29. Rf5 Rd7 30. Kg2 h6 31. b4 c6 32. a3 Bd6 33. Rf6 Bf4
34. Rxh6 Rdxf7 35. Rf3 Re7 36. Kf2 Be3+ 37. Kg3 Rxf3+ 38. Kxf3 Bd2 39. Rh8+ Kc7
40. Rg8 Re3+ 0-1

[Event "DRUGA LIGA SRBIJE-GRUPA VOJVODINA 2016"]
[Site "Kac"]
[Date "2016.11.21"]
[Round "10.4"]
[White "Todorovic, Nenad I"]
[Black "Vujovic, Milorad M"]
[Result "1-0"]
[WhiteElo "2249"]
[BlackElo "2069"]
[PlyCount "33"]
[EventDate "2016.11.15"]

1. e4 c6 2. d4 d5 3. e5 Bf5 4. h4 h5 5. c4 e6 6. Nc3 a6 7. Bg5 Be7 8. Qd2 Bxg5
9. hxg5 Bg6 10. Nge2 Ne7 11. Ng3 Nf5 12. Nxf5 Bxf5 13. Be2 h4 14. Qf4 h3 15.
gxh3 dxc4 16. Bxc4 Bxh3 17. Bf1 1-0

[Event "DRUGA LIGA SRBIJE-GRUPA VOJVODINA 2016"]
[Site "Kac"]
[Date "2016.11.21"]
[Round "10.4"]
[White "Vincilov, Dusan"]
[Black "Perisic, Radivoj"]
[Result "0-1"]
[WhiteElo "2277"]
[BlackElo "2276"]
[PlyCount "92"]
[EventDate "2016.11.15"]

1. d4 Nf6 2. Nf3 g6 3. c4 Bg7 4. Nc3 O-O 5. e4 d6 6. h3 c5 7. d5 b5 8. cxb5 a6
9. b6 Qxb6 10. Bd3 a5 11. O-O Ba6 12. Ne1 Nbd7 13. Qc2 Rab8 14. Be3 Ne5 15. Na4
Qb7 16. Bxa6 Qxa6 17. Rb1 Rb4 18. f3 Rfb8 19. Bd2 R4b7 20. Rc1 Nh5 21. f4 Ng3
22. Rf2 Nd7 23. Kh2 Ne2 24. Rb1 Bd4 25. Rf1 Nc1 26. Rxc1 Qxf1 27. Nd3 Qe2 28.
Re1 Qh5 29. g4 Qh6 30. Bxa5 Qg7 31. b3 Ra8 32. Bd2 h6 33. Re2 Nb6 34. Ndb2 Nxa4
35. Nxa4 g5 36. e5 dxe5 37. fxg5 hxg5 38. Qf5 Qf6 39. Qd3 Qf1 40. Be3 Qf3 41.
Nc3 Bxc3 42. Rf2 Rxa2 43. Rxa2 Bd4 44. Re2 Rxb3 45. Qa6 Bxe3 46. Ra2 Bf4+ 0-1

[Event "DRUGA LIGA SRBIJE-GRUPA VOJVODINA 2016"]
[Site "Kac"]
[Date "2016.11.21"]
[Round "10.4"]
[White "Vulin, Milorad"]
[Black "Tomic, Zivan"]
[Result "1/2-1/2"]
[WhiteElo "2044"]
[BlackElo "2058"]
[PlyCount "58"]
[EventDate "2016.11.15"]

1. e4 d5 2. exd5 Qxd5 3. Nf3 Bg4 4. Be2 c6 5. O-O e6 6. c4 Qd8 7. d4 Nf6 8. Nc3
Be7 9. h3 Bh5 10. Be3 O-O 11. Qc2 Nbd7 12. Rfe1 Qc7 13. a3 a6 14. Rad1 Bg6 15.
Qb3 Rfe8 16. d5 Bc5 17. dxe6 Rxe6 18. Nd4 Ree8 19. Bd3 Bxd3 20. Rxd3 Bd6 21.
Rdd1 Nc5 22. Qc2 h6 23. Qe2 Ncd7 24. Nf3 Bc5 25. Qd2 Bxe3 26. Rxe3 Rxe3 27.
Qxe3 Re8 28. Qd4 Qb6 29. Qxb6 Nxb6 1/2-1/2

[Event "DRUGA LIGA SRBIJE-GRUPA VOJVODINA 2016"]
[Site "Kac"]
[Date "2016.11.21"]
[Round "10.5"]
[White "Milanovic, Stanko"]
[Black "Cabarkapa, Novak"]
[Result "0-1"]
[WhiteElo "2150"]
[BlackElo "2413"]
[PlyCount "60"]
[EventDate "2016.11.15"]

1. e4 d5 2. e5 c5 3. c3 Nc6 4. Nf3 Bg4 5. Bb5 Qb6 6. h3 Bh5 7. Bxc6+ Qxc6 8. d4
Bxf3 9. Qxf3 cxd4 10. O-O dxc3 11. Nxc3 e6 12. Bg5 h6 13. Be3 Ne7 14. Rac1 Qd7
15. Qe2 Nc6 16. Bf4 Bb4 17. Nb1 O-O 18. a3 Ba5 19. Rfd1 f6 20. Qg4 Nxe5 21. Qg3
Nf7 22. b4 Bb6 23. Nc3 Rac8 24. Qg6 Ne5 25. Qg3 Kh8 26. Ne2 Rxc1 27. Rxc1 Nc4
28. Qg4 Qf7 29. Rc3 e5 30. Bc1 f5 0-1

[Event "DRUGA LIGA SRBIJE-GRUPA VOJVODINA 2016"]
[Site "Kac"]
[Date "2016.11.21"]
[Round "10.5"]
[White "Mik, Aurel"]
[Black "Banovic, Ivan"]
[Result "0-1"]
[WhiteElo "2059"]
[BlackElo "2208"]
[PlyCount "98"]
[EventDate "2016.11.15"]

1. e4 c5 2. Nc3 Nc6 3. g3 g6 4. Bg2 Bg7 5. Nge2 Rb8 6. a4 a6 7. d3 d6 8. Be3
Nd4 9. O-O b5 10. axb5 axb5 11. Qd2 e6 12. Nd1 Ne7 13. Nxd4 cxd4 14. Bh6 O-O
15. Bxg7 Kxg7 16. c3 Nc6 17. f4 Qb6 18. Kh1 e5 19. h3 f6 20. Nf2 Bd7 21. Kh2
Ra8 22. Bf3 dxc3 23. bxc3 b4 24. cxb4 Nd4 25. Qe3 Rxa1 26. Rxa1 Qxb4 27. Ra7
Rf7 28. Bg4 Bb5 29. Rxf7+ Kxf7 30. fxe5 dxe5 31. h4 h5 32. Bh3 Qe1 33. Qxe1
Nf3+ 34. Kh1 Nxe1 35. Bf1 g5 36. Be2 g4 37. Kg1 Ke6 38. Kf1 Nc2 39. Nd1 Nb4 40.
Nf2 Kd6 41. Ke1 Kc5 42. Kd2 Kd4 43. Bf1 Na6 44. Be2 Nc5 45. Bxg4 hxg4 46. Nxg4
Bxd3 47. Nxf6 Nxe4+ 48. Nxe4 Bxe4 49. g4 Bf3 0-1

[Event "DRUGA LIGA SRBIJE-GRUPA VOJVODINA 2016"]
[Site "Kac"]
[Date "2016.11.21"]
[Round "10.5"]
[White "Remecki, Sinisa"]
[Black "Rajin, Milan"]
[Result "1-0"]
[WhiteElo "2188"]
[BlackElo "1995"]
[PlyCount "71"]
[EventDate "2016.11.15"]

1. d4 e6 2. e4 d6 3. Nc3 g6 4. Be3 Bg7 5. h4 h5 6. Qd2 b6 7. O-O-O Bb7 8. f3
Nd7 9. Nh3 a6 10. Ng5 Qe7 11. Bc4 O-O-O 12. d5 Bxc3 13. Qxc3 e5 14. Qa3 Nb8 15.
Rhe1 Rd7 16. f4 f6 17. Ne6 exf4 18. Bxf4 Nh6 19. Qg3 Qf7 20. Bxh6 Rxh6 21. Rf1
Rh8 22. Qf4 b5 23. Bb3 a5 24. a4 Ba6 25. Qxf6 Rh7 26. axb5 Bxb5 27. c4 a4 28.
Ba2 Ba6 29. Nf8 Qe8 30. Nxh7 Rxh7 31. Qe6+ Kd8 32. Qxe8+ Kxe8 33. Rf6 Rf7 34.
e5 Nd7 35. Re6+ Re7 36. exd6 1-0

[Event "DRUGA LIGA SRBIJE-GRUPA VOJVODINA 2016"]
[Site "Kac"]
[Date "2016.11.21"]
[Round "10.5"]
[White "Miracola, Giorgia"]
[Black "Torbica, Milos"]
[Result "1/2-1/2"]
[WhiteElo "1894"]
[BlackElo "2237"]
[PlyCount "127"]
[EventDate "2016.11.15"]

1. e4 e6 2. d4 d5 3. Nc3 Bb4 4. Nge2 dxe4 5. a3 Be7 6. Nxe4 Nf6 7. Qd3 O-O 8.
Bf4 Bd7 9. O-O-O Nd5 10. h4 b5 11. Ng5 f5 12. Qf3 h6 13. Nh3 a5 14. Nc3 Nxc3
15. Qxc3 Bc6 16. Qg3 b4 17. Bxh6 Bf6 18. a4 Qe7 19. Nf4 Qd6 20. Bc4 Bd7 21.
Nxe6 Bxe6 22. Qxd6 cxd6 23. Bxe6+ Kh8 24. Bf4 Nc6 25. Bd5 Rac8 26. Bxd6 Rfd8
27. Bxc6 Rxd6 28. d5 Kh7 29. f3 Kg6 30. g4 Be5 31. Rde1 Bf4+ 32. Kd1 Kf6 33.
Ke2 Bg3 34. Reg1 Be5 35. b3 Rh8 36. Kd3 Rc8 37. Kc4 Rdd8 38. g5+ Kf7 39. h5 Bf4
40. Kb5 Rc7 41. h6 Rb8+ 42. Kc4 g6 43. Rg2 Re7 44. h7 Kg7 45. h8=Q+ Rxh8 46.
Rxh8 Kxh8 47. Kc5 Be3+ 48. Kd6 Ra7 49. Ke6 Kg7 50. d6 Bf4 51. d7 Bc7 52. Ke7
Ra6 53. Bb7 Rd6 54. Re2 Rd1 55. Re6 Bf4 56. Ke8 Bxg5 57. Re2 Bh4 58. Ba6 Bf6
59. Bb5 Bh4 60. Bc6 Bf6 61. Bb5 Bh4 62. Bc6 Bf6 63. Bb7 Bh4 64. Bc6 1/2-1/2

[Event "DRUGA LIGA SRBIJE-GRUPA VOJVODINA 2016"]
[Site "Kac"]
[Date "2016.11.21"]
[Round "10.6"]
[White "Varga, Zoltan"]
[Black "Stojanovic, Mihajlo"]
[Result "1/2-1/2"]
[WhiteElo "2418"]
[BlackElo "2503"]
[PlyCount "20"]
[EventDate "2016.11.15"]

1. d4 d5 2. Bg5 Nf6 3. Bxf6 exf6 4. e3 Bd6 5. Bd3 c6 6. c4 dxc4 7. Bxc4 O-O 8.
Nf3 Nd7 9. Nc3 Nb6 10. Bb3 Re8 1/2-1/2

[Event "DRUGA LIGA SRBIJE-GRUPA VOJVODINA 2016"]
[Site "Kac"]
[Date "2016.11.21"]
[Round "10.6"]
[White "Rogac, Srdjan"]
[Black "Farkas, Tibor"]
[Result "1/2-1/2"]
[WhiteElo "2387"]
[BlackElo "2272"]
[PlyCount "21"]
[EventDate "2016.11.15"]

1. f4 e6 2. Nf3 d5 3. g3 Nf6 4. Bg2 Be7 5. O-O O-O 6. d3 b6 7. e3 Bb7 8. Qe2
Nbd7 9. Nbd2 c5 10. b3 Rc8 11. Bb2 1/2-1/2